Ochrana pred nekvalitnými potravinami

Problémy, s ktorými sa stretáva občan ako spotrebiteľ. Význam založenia Združenia slovenských spotrebiteľov a pomoc združenia pri ochrane spotrebiteľa.

Salvato in:
Dettagli Bibliografici
Autore principale: Ostertágová, Dáša
Altri autori: Lounek, J.
Natura: Capitolo di libro
Lingua:slovacco
Soggetti:
Tags: Aggiungi Tag
Nessun Tag, puoi essere il primo ad aggiungerne!!

MARC

LEADER 00000naa a2200000 4500
001 r016336
005 20221213114853.5
041 0 |a slo 
044 |a SK 
245 1 0 |a Ochrana pred nekvalitnými potravinami  |c D. Ostertágová, J. Lounek 
520 |a Problémy, s ktorými sa stretáva občan ako spotrebiteľ. Význam založenia Združenia slovenských spotrebiteľov a pomoc združenia pri ochrane spotrebiteľa. 
610 2 0 |a ochrana spotrebiteľa 
610 2 0 |a spotrebitelia 
610 2 0 |a združenia občianske 
100 1 |a Ostertágová, Dáša 
700 1 |a Lounek, J.